Biologia reprodutiva de Micropogonias furnieri [Desmarest, 1823)(Teleostei, Sciaenidae), 1: fator de condicao como indicador do periodo de desova [corvina] (Registro n. 114621)
[ somente texto ]
| 000 -LÍDER | |
|---|---|
| campo de controle de tamanho fixo | 00993nas a2200253 4500 |
| 001 - NÚMERO DE CONTROLE | |
| campo de controle | BR8402369 |
| 003 - IDENTIFICADOR DO NÚMERO DE CONTROLE | |
| campo de controle | BR-BrBNA |
| 005 - DATA E HORÁRIO DA ÚLTIMA TRANSAÇÃO | |
| campo de controle | 20231205085909.0 |
| 007 - CAMPO FIXO DE DESCRIÇÃO FÍSICA--INFORMAÇÃO GERAL | |
| campo de controle de tamanho fixo | ta |
| 008 - CAMPO DE DADOS FIXOS--INFORMAÇÃO GERAL | |
| campo de controle de tamanho fixo | 230509b bl.|||p| |||| 00| 00por d |
| 040 ## - FONTE DA CATALOGAÇÃO | |
| Instituição da catalogação original | BR-BrBNA |
| Idioma da catalogação | por |
| Instituição que transcreveu o registro | Biblioteca Nacional de Agricultura |
| 041 ## - CÓDIGO DE IDIOMA | |
| Código do idioma do texto/trilha sonora ou título diferente | (Pt) |
| 072 ## - CÓDIGO DE CATEGORIA DE ASSUNTO | |
| Código de Categoria de Assunto | M40 |
| 100 1# - ENTRADA PRINCIPAL--NOME PESSOAL | |
| Nome pessoal | Isaac-Nahum, V.J. |
| 100 1# - ENTRADA PRINCIPAL--NOME PESSOAL | |
| Nome pessoal | Vazzoler, A.E.A. de M. |
| 245 1# - TÍTULO | |
| Título | Biologia reprodutiva de Micropogonias furnieri [Desmarest, 1823)(Teleostei, Sciaenidae), 1: fator de condicao como indicador do periodo de desova [corvina] |
| 246 1# - FORMA VARIANTE DO TÍTULO | |
| Título/título abreviado | [Reproductive biology of Micropogonias furnieri (Desmarest, 1823)(Teleostei, Sciaenidae), 1: condition factor as an indicator of the spawning period [corvina]] |
| 650 ## - ASSUNTO--TERMO TÓPICO | |
| Cabeçalho tópico ou nome geográfico | CORVINA |
| 650 ## - ASSUNTO--TERMO TÓPICO | |
| Cabeçalho tópico ou nome geográfico | REPRODUCAO ANIMAL |
| 650 ## - ASSUNTO--TERMO TÓPICO | |
| Cabeçalho tópico ou nome geográfico | DESOVA |
| 773 0# - ENTRADA ANALÍTICA | |
| Título | Boletim do Instituto Oceanografico (Brazil) |
| ISSN - International Standard Serial Number | ISSN 0373-5524 |
| Partes relacionadas | (1983), v. 32(1) p. 63-69 |
| Número de controle do registro | BR8402369 |
| 909 ## - | |
| -- | 202311 |
| -- | Lúcia |
| -- | 55 |
| -- | Lúcia Elande |
| 942 ## - ELEMENTOS DE ENTRADA ADICIONADOS (KOHA) | |
| Fonte da classificação ou esquema de arquivamento na estante | Classificação AGRIS |
| Ocultar no OPAC | Não |
| Tipo de material Koha | Analítica |
| Situação do descarte | Fonte da classificação ou esquema de arquivamento na estante | Situação física | Não pode ser emprestado | Biblioteca de origem | Biblioteca atual | Localização na estante | Enumeração do periódico / cronologia | Total de empréstimos | Data de último acesso | Número do exemplar | Tipo de material Koha | Fonte de aquisição |
|---|---|---|---|---|---|---|---|---|---|---|---|---|
| Classificação AGRIS | Consulta local | Biblioteca Nacional de Agricultura - Binagri | Biblioteca Nacional de Agricultura - Binagri | (1983), v. 32(1) p. 63-69 | 29/11/2023 | 01 | Periódicos | Portaria Interministerial nº 164/94 |

BINAGRI